Tècniques d'expressió escrita : manual del formador / [text: Núria Altés Juan i Xavier Pejó Orellana] manual del formador / [text:
Publicado:
Barcelona :
Diputació de Barcelona. Àrea de Presidència. Direcció dels Serveis de Formació ,
2008
Descripción Física:
27 p. ; 30 cm
Otros Autores:
Pejó Orellana, Xavier
MARC
| LEADER | 00000nam a2200000Ia 4500 | ||
|---|---|---|---|
| 001 | 21815 | ||
| 008 | 160829s2008 xx 000 0 cat d | ||
| 080 | |a FU-44-4 | ||
| 100 | |a Altés Juan, Núria |9 23638 | ||
| 245 | |a Tècniques d'expressió escrita : |b manual del formador / [text: |b Núria Altés Juan i Xavier Pejó Orellana] | ||
| 260 | |a Barcelona : |b Diputació de Barcelona. Àrea de Presidència. Direcció dels Serveis de Formació, |c 2008 | ||
| 300 | |a 27 p. ; |c 30 cm | ||
| 650 | |a Formularis administratius |x Redacció |x Manuals, guies, etc. |9 42511 | ||
| 650 | |a Llenguatge escrit |x Metodologia |x Manuals, guies, etc. |9 42512 | ||
| 700 | |a Pejó Orellana, Xavier |9 23642 | ||
| 710 | |a Barcelona (Catalunya : Província). |b Direcció de Serveis de Formació |9 51343 | ||
| 901 | |a Arxiu | ||
| 942 | |n 1 | ||
| 952 | |0 0 |1 0 |4 0 |6 FU444 |7 1 |9 50874 |a Arxiu |b Arxiu |d 2016-12-01 |l 0 |o FU-44-4 |p 21815 |r 2016-12-01 00:00:00 |w 2016-12-01 |y ARXIU | ||
| 999 | |c 54716 |d 54716 | ||